000 00493nam a2200181Ia 4500
008 240729s9999 xx 000 0 und d
022 _a2378-1394
245 0 _aBioProducts Business
260 _aUnited States
260 _bSociety of Wood Science and Technology
650 _a Business
650 _a Commerce
650 _a Forestry | Social Sciences
650 _aAgriculture
856 _uhttps://doaj.org/toc/880e45337d19404b97d27a818ac19e76
942 _2ddc
942 _cDOAJEJ
999 _c66006
_d66006
945 _a1
_bMadushi Gamage
_c1
_dMadushi Gamage